| 000 | 00834nam a2200265Ia 4500 | ||
|---|---|---|---|
| 003 | OSt | ||
| 005 | 20220928123945.0 | ||
| 006 | a|||||r|||| 00| 0 | ||
| 007 | ta | ||
| 008 | 220927b |||||||| |||| 00| 0 eng d | ||
| 020 | _c6077.1899999999996 | ||
| 024 | _a109031 | ||
| 037 |
_b1103, 01/09/2010, Ashutosh Technical Books _cTextual |
||
| 040 |
_aSDCL _cSDCL _beng |
||
| 041 |
_2eng _aeng |
||
| 082 | _aS9G, Q0 | ||
| 100 |
_aValentin Jorge Ed. _9462614 |
||
| 245 | 0 |
_aEnvironmental psychology _b New developments. |
|
| 260 |
_aNew York _b Nova Science Publishers _c2010 |
||
| 300 |
_axv,273p. _ccm. |
||
| 650 | _aPsychology | ||
| 700 |
_a Gamez Lucila Au. _9462615 |
||
| 942 |
_hS9G, Q0 _cTEXL _2CC |
||
| 999 |
_c775580 _d775580 |
||